Κατάλογος Βιβλιοθηκών Mediterranean College

Presumption of Guilt / The Global Overuse of Pretrial Detention (Record no. 5889)

MARC details
000 -LEADER
fixed length control field 01015cam a22002054a 4500
005 - ΗΜΕΡΟΜΗΝΙΑ ΚΑΙ ΩΡΑ ΤΕΛΕΥΤΑΙΑΣ ΕΝΗΜΕΡΩΣΗΣ
Πεδίο ελέγχου 20250605164224.0
008 - FIXED-LENGTH DATA ELEMENTS--GENERAL INFORMATION
Πεδίο ελέγχου σταθερού μήκους 250528s ||||||||||||||||||||||||d
035 ## - SYSTEM CONTROL NUMBER
System control number 20807
020 ## - ISBN
ISBN 9781936133840
040 ## - ΠΗΓΗ ΚΑΤΑΛΟΓΟΓΡΑΦΗΣΗΣ
Φορέας πρωτότυπης καταλογογράφησης MC Athens Campus Library
Γλώσσα καταλογογράφησης Ελληνικά, Μοντέρνα (1453-)
Modifying agency MC Athens Campus Library
Κανόνες περιγραφικής καταλογογράφησης AACR2
245 1# - ΤΙΤΛΟΣ ΚΑΙ ΔΗΛΩΣΗ ΥΠΕΥΘΥΝΟΤΗΤΑΣ
Τίτλος Presumption of Guilt / The Global Overuse of Pretrial Detention
260 ## - PUBLICATION, DISTRIBUTION, ETC.
Date of publication, distribution, etc. 2014
300 ## - PHYSICAL DESCRIPTION
Extent 262
520 ## - SUMMARY, ETC.
Summary, etc. This book examines the full consequences of the Global overuse of pretrial detention. The Scope of Pretrial Detention Around the World: Its Extent and Cost, Who Are the World's Pretrial Detainees, Circumstances of Detention and Impact on Detainees and their Communities, The Causes of Arbitrary and Excessive Use of Pretrial Detention, The Implications for the Rule of Law, Reducing the Arbitrary and Excessive Use od Pretrial Detention, Conclusion, Bibliography, Endnotes.
710 2# - ΠΡΟΣΘΕΤΗ ΑΝΑΓΡΑΦΗ--ΣΥΛΛΟΓΙΚΟ ΟΡΓΑΝΟ
Corporate name or jurisdiction name as entry element Open Society Foundations
9 (RLIN) 9797
710 2# - ΠΡΟΣΘΕΤΗ ΑΝΑΓΡΑΦΗ--ΣΥΛΛΟΓΙΚΟ ΟΡΓΑΝΟ
Corporate name or jurisdiction name as entry element Open Society Justice Initiative
9 (RLIN) 9798
942 ## - ADDED ENTRY ELEMENTS (KOHA)
Koha item type Books
Holdings
Τύπος τεκμηρίου Βιβλιοθήκη Τρέχουσα τοποθεσία Barcode Αριθμός εισαγωγής Ημερομηνία απόκτησης Ταξιθετικό σύμβολο Αριθμός αντιτύπου Κατάσταση απόσυρσης Κατάσταση χαμένου Κατάσταση κατεστραμμένου Μη δανεισμός Σύνολο δανεισμών Ημερομηνία τελευταίας εμφάνισης Η τιμή ισχύει από
Books MC Athens Campus Library MC Athens Campus Library 9780000058881 6316 05/06/2025 823/.914 OSJ 1           05/06/2025 05/06/2025

MC Athens Campus Library
Πατησίων 94 & Κοδριγκτώνος 13, 104 34
Πελλήνης 8 & Πατησίων 107, 112 51
Τ: +30 210 8899600

MC Thessaloniki Campus Library
Ίωνος Δραγούμη 21, 54625 | Ίωνος Δραγούμη 15, 54625
Τ: +30 2310 287779 – Τ: +30 2314 440300